Nations of the Fifth Coalition - Statistics

General Stats
  • This quiz has been taken 17 times
  • The average score is 12 of 20
Answer Stats
Years Involved Nation % Correct
1809 United Kingdom
100%
1809 Spain
93%
1809 Austria
87%
1809 Holland
87%
1809 Portugal
87%
1809 Russia
87%
1809 Naples
80%
1809 France
73%
1809 Sicily
73%
1809 Warsaw
73%
1809 Sardinia
60%
1809 Bavaria
53%
1809 Italian Rebels
47%
1809 Italy
47%
1809 Saxony
47%
1809 Wurttemberg
33%
1809 Black Brunswickers
13%
1809 Westphalia
13%
1809 Gottscheers
7%
1809 Tyrolean Rebels
7%
No matching quizzes found
Score Distribution
Percent of People with Each Score
Percentile by Number Answered
Your Score History
You have not taken this quiz